|
|
|
|
| LEADER |
00000cam a2200000 a 4500 |
| 001 |
vtls008384803 |
| 003 |
SK-MaSNL |
| 005 |
20260302041700.0 |
| 008 |
251001s1929 xr ao slo |
| 015 |
|
|
|a SNBA19191938-007071
|
| 035 |
|
|
|a SK01SNKBSKHR20010077020
|
| 035 |
|
|
|a urn:nbn:sk:snk-am3htej
|
| 035 |
|
|
|a 76AFEFAE-747B-4FFB-A469-D936CEDF1B82
|
| 035 |
|
|
|a urn:nbn:sk:snk-am00d8nb
|
| 035 |
|
|
|a SKM000079483
|
| 040 |
|
|
|a SNK
|b slo
|c SNK
|e AACR2
|
| 041 |
1 |
|
|a slo
|h cze
|
| 044 |
|
|
|a xr
|c CZ
|
| 080 |
|
|
|a 008(075)
|2 1981
|
| 080 |
|
|
|a 377(075)
|2 1981
|
| 100 |
1 |
|
|a Mašínová, Leontina,
|d 1882-1975
|4 aut
|9 177377
|
| 245 |
1 |
0 |
|a Dejiny vzdelanosti pre odborné školy ženských povolaní
|n 1. diel
|p Od najstarších časov do konca 15. storočia
|c Leontína Mašínová ; pre slovenské školy upravil Peter Zgúth
|
| 260 |
|
|
|a Praha
|b Štátne nakladateľstvo
|c 1929
|e Praha
|f Štát. nakladat.
|
| 300 |
|
|
|a 180 s.
|b fotogr., ilustr.
|c 8°
|
| 500 |
|
|
|a Ilustr. Obr. význ. osôb
|
| 650 |
0 |
7 |
|a dejiny výchovy a vzdelávania
|2 SNKPH
|9 125342
|
| 655 |
|
7 |
|a učebnice
|2 SNKPH
|9 22521
|
| 700 |
1 |
|
|a Zgúth, Peter Pavol,
|d 1863-1952
|4 trl
|9 37656
|
| 852 |
|
|
|a Slovenská národná knižnica
|
| 958 |
|
|
|a EUIPO
|
| 958 |
|
|
|a OND
|
| 958 |
|
|
|a TL
|
| 958 |
|
|
|a OP
|
| 958 |
|
|
|a CZ
|
| 999 |
|
|
|c 1079813
|d 1081743
|
| 952 |
|
|
|a SNK
|b SNK
|y VYP
|7 0
|p 17A1542037
|o snkSC 2178/1 D1
|i snkK 1385/73
|8 3
|0 0
|1 0
|4 0
|d 2024-02-15
|l 0
|r 2026-02-24 16:22:16
|w 2026-02-24
|
| 952 |
|
|
|a SNK
|b SNK
|y PREZ
|7 0
|p 17A0744139
|o snkSC 2178/1
|i snk5808/56
|0 0
|1 0
|4 0
|d 2018-05-28
|f 1
|l 0
|r 2025-06-11 00:00:00
|w 2026-02-24
|